What would be a good peace an addres delivered to the University of Manchester on Saturday, December 5th, 1942 by ...

Bibliographic Details
Main Author: Beneš, Edvard, 1884-1948 (Author)
Format: Book
Language:English
PhysicalDescription:16 s. 8°
Published: London Czechoslovak Ministry of foreign Affairs Information Service 1943

MARC

LEADER 00000nam a2200000 a 4500
001 vtls001263832
003 SK-MaSNL
005 20260301234536.0
008 240315s1943 GB 0 eng
035 |a SNK000214740 
040 |a SNK  |b slo  |c SNK  |e AACR2 
044 |a GB 
100 1 |a Beneš, Edvard,  |d 1884-1948  |4 aut  |9 110633 
245 1 |a What would be a good peace  |b an addres delivered to the University of Manchester on Saturday, December 5th, 1942 by ...  |c Edvard Beneš 
260 |a London  |b Czechoslovak Ministry of foreign Affairs Information Service  |c 1943 
300 |a 16 s.  |c 8° 
999 |c 970509  |d 972439 
952 |t P60, <04>, [BOOK], {604}  |a SNK  |b SNK  |y VYP  |7 0  |o snkIC 16622  |i snk4454/57  |0 0  |1 0  |4 0  |d 1996-10-18  |l 0  |r 2005-01-01 00:00:00  |w 2026-02-24 
952 |t P60, <04>, [BOOK], {604}  |a SNK  |b SNK  |y VYP  |7 0  |o snkIC 16622 D1  |0 0  |1 0  |4 0  |d 1996-10-18  |l 0  |r 2005-01-01 00:00:00  |w 2026-02-24